000
00230nam a2200097Ia 4500
008
240331s9999 xx 000 0 und d
082
_b
WOM
100
_a
Jayaweera, S. ed
245
0
_a
Women in post-independence Sri Lanka
942
_c
L
999
_c
1500
_d
1500